000 00647nam a2200277Ia 4500
005 20260324130224.0
008 008 260324s9999 xx 000 0 eng d
020 _a9781315234182
037 _aEBOOK
040 _aCRL
040 _beng
040 _cCRL
041 _2eng
041 _aeng
084 _qCRL
100 _aAsghar Zaidi
_91180964
245 0 _aWell-Being of Older People in Ageing Societies
260 _bTaylor and Francis
260 _c2008
365 _a
365 _b300
856 _uhttp://www.taylorfrancis.com/books/9781315234182
942 _cEBOOK
999 _c1776951
_d1776951